000 00802nam a2200217 i 4500
001 87744
003 ES-MaACL
005 20230906175730.0
007 t|
008 041223s1970 mx ||||1| spa d
100 1 _aKuo, Benjamín C.
_969043
245 1 0 _aSistemas automáticos de control /
_cpor Benjamín C. Kuo ; [traducido por Ramón Puigjaner Trepat, Jerónimo Xampeny Baro, Jorge Casas Torba ; revisado por Juan Peracaula Roura].
250 _a[1ª ed.].
260 _aMéxico :
_bCompañía Editorial Continental,
_c[1970]
300 _aX, 592 p. :
_bil. ;
_c22 cm.
700 1 _aPuigjaner Trepat, Ramón.
_994300
700 1 _aXampeny Baro, Jerónimo.
_9117490
700 1 _aCasas Torba, Jorge.
_936235
700 1 _aPeracaula Roura, Juan.
_990342
852 _aES-MaACL
_jC-38782
_bR.75300
999 _c87744
_d87744